Mały słownik hiszpańsko-polski, polsko-hiszpański / (Rekord nr 7665)
| 000 -LEADER | |
|---|---|
| fixed length control field | 01869cam a2200613 i 4500 |
| 001 - CONTROL NUMBER | |
| control field | vtls000042395 |
| 003 - CONTROL NUMBER IDENTIFIER | |
| control field | NUKAT |
| 005 - DATE AND TIME OF LATEST TRANSACTION | |
| control field | 20190117090242.0 |
| 008 - FIXED-LENGTH DATA ELEMENTS--GENERAL INFORMATION | |
| fixed length control field | 021002s1985 pl g d |000 0 pol c |
| 020 ## - INTERNATIONAL STANDARD BOOK NUMBER | |
| International Standard Book Number | 8321404588 |
| 035 ## - SYSTEM CONTROL NUMBER | |
| System control number | zz2002962764 |
| 039 #9 - LEVEL OF BIBLIOGRAPHIC CONTROL AND CODING DETAIL [OBSOLETE] | |
| Level of rules in bibliographic description | 201811092212 |
| Level of effort used to assign nonsubject heading access points | kopwsdsw |
| Level of effort used to assign subject headings | 201808100018 |
| Level of effort used to assign classification | AUTHORITY |
| Level of effort used to assign subject headings | 201711070122 |
| Level of effort used to assign classification | VLOAD |
| Level of effort used to assign subject headings | 201711060931 |
| Level of effort used to assign classification | qlb |
| 040 ## - CATALOGING SOURCE | |
| Original cataloging agency | GD U/AJ |
| Transcribing agency | GD U/AJ |
| Modifying agency | GD U/TZ |
| -- | GD U/ISSs |
| -- | GL 001/FAN |
| -- | WR U/JH |
| 041 0# - LANGUAGE CODE | |
| Language code of text/sound track or separate title | pol |
| -- | spa |
| 100 1# - MAIN ENTRY--PERSONAL NAME | |
| Personal name | Martí Marca, Antonio. |
| 245 10 - TITLE STATEMENT | |
| Title | Mały słownik hiszpańsko-polski, polsko-hiszpański / |
| Statement of responsibility, etc | Antonio Martí Marca, Juan Martí Marca, Barbara Jardel ; zarys gramatyki hisz. oprac. Jan Czochralski. |
| 246 15 - VARYING FORM OF TITLE | |
| Title proper/short title | Pequeño diccionario español-polaco, polaco-español |
| 250 ## - EDITION STATEMENT | |
| Edition statement | Wyd. 4. |
| 260 ## - PUBLICATION, DISTRIBUTION, ETC. (IMPRINT) | |
| Place of publication, distribution, etc | Warszawa : |
| Name of publisher, distributor, etc | Wiedza Powszechna, |
| Date of publication, distribution, etc | 1985. |
| 300 ## - PHYSICAL DESCRIPTION | |
| Extent | XXI, 717 s. ; |
| Dimensions | 15 cm. |
| 650 ## - SUBJECT ADDED ENTRY--TOPICAL TERM | |
| Topical term or geographic name as entry element | Język hiszpański |
| Form subdivision | słowniki polskie. |
| 650 ## - SUBJECT ADDED ENTRY--TOPICAL TERM | |
| Topical term or geographic name as entry element | Język polski |
| Form subdivision | słowniki hiszpańskie. |
| 951 ## - EQUIVALENCE OR CROSS-REFERENCE-GEOGRAPHIC NAME/AREA NAME [OBSOLETE] [CAN/MARC only] | |
| Geographic name | KIEL_010 SAND_001 |
| 700 1# - ADDED ENTRY--PERSONAL NAME | |
| Personal name | Martí Marca, Juan. |
| 700 1# - ADDED ENTRY--PERSONAL NAME | |
| Personal name | Jardel, Barbara |
| Dates associated with a name | (?-2015). |
| 700 1# - ADDED ENTRY--PERSONAL NAME | |
| Personal name | Czochralski, Jan Antoni |
| Dates associated with a name | (1924-2004). |
| Relator term | Oprac. |
| 710 2# - ADDED ENTRY--CORPORATE NAME | |
| Corporate name or jurisdiction name as entry element | Państwowe Wydawnictwo Wiedza Powszechna. |
| Relator code | pbl |
| 9 (RLIN) | 809 |
| 982 ## - EQUIVALENCE OR CROSS-REFERENCE-SERIES STATEMENT--CONFERENCE OR MEETING NAME/TITLE [LOCAL, CANADA] | |
| Meeting name or jurisdiction name as entry element | BYDG_22 BYDG_24 |
| 942 ## - ADDED ENTRY ELEMENTS (KOHA) | |
| Source of classification or shelving scheme | |
| Koha item type | Książki |
| 956 ## - LOCAL ELECTRONIC LOCATION AND ACCESS (OCLC) | |
| Host name | KR_119 |
| 960 ## - PHYSICAL LOCATION (RLIN) | |
| Physical location, PLOC (RLIN) | GD_U |
| 967 ## - ADDITIONAL ESTC CODES (RLIN) | |
| GNR (RLIN) | LUBL_U |
| 980 ## - EQUIVALENCE OR CROSS-REFERENCE-SERIES STATEMENT--PERSONAL NAME/TITLE [LOCAL, CANADA] | |
| Personal name | SZCZ_U SZCZ_ZUT |
Brak dostępnych egzemplarzy.